ბათუმის შოთა რუსთაველის სახელმწიფო უნივერსიტეტის ბიბლიოთეკა

Tokugawa Religion: (ბიბ.ჩანაწერი № 63991)

000 -LEADER
fixed length control field 00675nam a22001817a 4500
005 - DATE AND TIME OF LATEST TRANSACTION
control field 20260305105910.0
008 - FIXED-LENGTH DATA ELEMENTS--GENERAL INFORMATION
fixed length control field 260305s1985 enk||||| |||| 00| 0 eng d
020 ## - INTERNATIONAL STANDARD BOOK NUMBER
International Standard Book Number 9780029024607x
041 ## - LANGUAGE CODE
Language code of text/sound track or separate title eng
080 ## - UNIVERSAL DECIMAL CLASSIFICATION NUMBER
Universal Decimal Classification number 228(520):316.74:2(520) B-41
100 ## - MAIN ENTRY--PERSONAL NAME
Personal name Bellah, Robert N.
9 (RLIN) 27053
245 ## - TITLE STATEMENT
Title Tokugawa Religion:
Remainder of title The Cultural Roots of Modern Japan /
Statement of responsibility, etc. Robert N. Bellah.
264 ## - PRODUCTION, PUBLICATION, DISTRIBUTION, MANUFACTURE, AND COPYRIGHT NOTICE
Place of production, publication, distribution, manufacture New York :
Name of producer, publisher, distributor, manufacturer Free Press,
Date of production, publication, distribution, manufacture, or copyright notice 1985.
300 ## - PHYSICAL DESCRIPTION
Extent 250 p.;
Other physical details 22 cm.
653 ## - INDEX TERM--UNCONTROLLED
keyword ტოკუგავას რელიგია
653 ## - INDEX TERM--UNCONTROLLED
keyword თანამედროვე იაპონიის კულტურული ფესვები
942 ## - ADDED ENTRY ELEMENTS (KOHA)
Source of classification or shelving scheme
Koha item type წიგნი
ეგზემპლარები
Withdrawn status Lost status Source of classification or shelving scheme Damaged status Not for loan Permanent Location Current Location Shelving location Date acquired Cost, normal purchase price Full call number Barcode Date last seen Copy number Uniform Resource Identifier Price effective from Koha item type Public note
          ბათუმის შოთა რუსთაველის სახელმწიფო უნივერსიტეტის მთავარი ბიბლიოთეკა ბათუმის შოთა რუსთაველის სახელმწიფო უნივერსიტეტის მთავარი ბიბლიოთეკა წიგნსაცავი 2026-03-05 18.00 228(520):316.74:2(520) B-41 73868 2026-03-05 73868 იაპონიის ელჩის საჩუქარი 2026-03-05 წიგნი 18 ლ.